Statistics for Famous People Born in California

Click here to take the quiz!

General Stats

  • This quiz has been taken 237 times
  • The average score is 34 of 106

Answer Stats

DescriptionFamous PersonBirth City% Correct
Parody musician of Eat ItWeird Al YankovicDowney
87%
Actor as Woody in Toy StoryTom HanksConcord
75%
Famous tennis player with sister SerenaVenus WilliamsLynwood
74%
Actor/wrestler nicknamed The RockDwayne JohnsonHayward
70%
Co-founder of AppleSteve JobsSan Francisco
67%
Former football player who murdered his wifeO.J. SimpsonSan Francisco
65%
Legendary golfer of 14 major wins since 1996Tiger WoodsCypress
65%
Actress as Princess Fiona in ShrekCameron DiazSan Diego
61%
Actress of Silence of the Lambs and ContactJodie FosterLos Angeles
61%
Actor of Argo and The TownBen AffleckBerkeley
59%
Actor of Field of Dreams and Dances with WolvesKevin CostnerLynwood
59%
Actress of Shakespeare in Love and Iron ManGwyneth PaltrowLos Angeles
58%
Actor of Kung Fu Panda and Shark TaleJack BlackSanta Monica
58%
Lead actress of TwilightKristen StewartLos Angeles
57%
Believe pop star, Moonstruck actressCherEl Centro
56%
Actor of The Big Lebowski and True GritJeff BridgesLos Angeles
56%
Actor and director of Unforgiven and Gran TorinoClint EastwoodSan Francisco
55%
Author of The Grapes of WrathJohn SteinbeckSalinas
54%
Legendary skateboarder of video game fameTony HawkCarlsbad
54%
Reality star of to Keep Up withKim KardashianLos Angeles
52%
Actress of True Lies and HalloweenJamie Lee CurtisSanta Monica
51%
Pop singer of Firework and RoarKaty PerrySanta Barbara
51%
Iconic actress of Some Like it HotMarilyn MonroeLos Angeles
51%
Actress of Annie Hall and Finding DoryDiane KeatonLos Angeles
49%
Late actor of The Fast and Furious filmsPaul WalkerGlendale
49%
37th presidentRichard NixonYorba Linda
49%
Actress of Steel Magnolias and Forrest GumpSally FieldPasadena
49%
Actor of The Croods and National TreasureNicolas CageLong Beach
48%
Actor as Walter on Breaking BadBryan CranstonLos Angeles
46%
Actress of Married With Children and AnchormanChristina ApplegateLos Angeles
46%
Actress of Sin City and Fantastic 4Jessica AlbaPomona
46%
Director of Beetlejuice and BatmanTim BurtonBurbank
46%
Actress as Penny in The Big Bang TheoryKaley CuocoCamarillo
45%
Actor of Elf and MegamindWill FerrellIrvine
44%
Filmmaker of Indiana JonesGeorge LucasModesto
43%
Rapper of Gin & Juice and Drop it Like It's HotSnoop DoggLong Beach
43%
Actor as SpidermanTobey MaguireSanta Monica
43%
Actress of New GirlZooey DeschanelLos Angeles
42%
Actor of Lethal Weapon and AntzDanny GloverSan Francisco
41%
Actress of Curious George and 50 First DatesDrew BarrymoreCulver City
41%
Actor as Sulu in Star TrekGeorge TakeiLos Angeles
41%
Actor of Pineapple Express and 127 HoursJames FrancoPalo Alto
41%
Retired actor of The French Connection and AntzGene HackmanSan Bernardino
39%
Voice actor of many Looney Tunes charactersMel BlancSan Francisco
39%
Singer of You've Got a Friend in MeRandy NewmanLos Angeles
39%
Actor of The Sting and Ordinary PeopleRobert RedfordSanta Monica
39%
Nephew of a legendary animatorRoy E. DisneyLos Angeles
39%
Actor of High School Musical and NeighborsZac EfronSan Luis Obispo
37%
First American woman to go in spaceSally RideLos Angeles
35%
Actor of Lord of the Rings and RudySean AstinSanta Monica
35%
Guitarist of the Grateful Dead, lost middle fingerJerry GarciaSan Francisco
34%
Child actor of The Sixth SenseHaley Joel OsmentLos Angeles
32%
Actor of Donnie Darko and NightcrawlerJake GyllenhaalLos Angeles
31%
Actress of Kung Fu Panda and Shark TaleAngelina JolieLos Angeles
30%
Actor of Drake and JoshDrake BellNewport Beach
30%
Actress as Amy in The Big Bang TheoryMayim BialikSan Diego
30%
Actress of Casper and The Addams FamilyChristina RicciSanta Monica
29%
Actor of Batman Forever and The Prince of EgyptVal KilmerLos Angeles
29%
Actor of The Godfather and Apocalypse NowRobert DuvallSan Diego
28%
Actor of Scooby Doo and She's All ThatFreddie Prinze Jr.Los Angeles
27%
Star of All That and The Amanda ShowAmanda BynesThousand Oaks
26%
Actor of Black-ish and Kangaroo JackAnthony AndersonCompton
24%
Actress of iCarly and Despicable MeMiranda CosgroveLos Angeles
24%
Actor of Holes and TransformersShia LaBeoufLos Angeles
24%
Actor as Syndrome in The IncrediblesJason LeeSanta Ana
23%
Actress of Scarface and SinbadMichelle PfeifferSanta Ana
23%
Child star of HeidiShirley TempleSanta Monica
23%
Prolific film composer, Oingo Boingo singerDanny ElfmanLos Angeles
20%
Dharma & Greg, Looney Tunes Back in Action actressJenna ElfmanLos Angeles
20%
Actress known as Leela in FuturamaKatey SagalLos Angeles
20%
Actress of Black-ishTracee Ellis RossLos Angeles
20%
Actor as Marlin in Finding NemoAlbert BrooksBeverly Hills
18%
Actor as Shifu in Kung Fu PandaDustin HoffmanLos Angeles
18%
Actress of Felicity and The AmericansKeri RussellFountain Valley
18%
Actress as Marge in The SimpsonsJulie KavnerLos Angeles
17%
Actor as Howard in The Big Bang TheorySimon HelbergLos Angeles
15%
Actress of Fast Times at Richmont High and Miami BluesJennifer Jason LeighLos Angeles
14%
Actress as Hogarth's mom in The Iron GiantJennifer AnistonLos Angeles
13%
Actress known as Angela in Family GuyCarrie FisherBurbank
11%
Actor of How to Train Your Dragon and MegamindJonah HillLos Angeles
10%
Star of the original Star S'mores trilogyMark HamillOakland
10%
Child actress of Poltergeist, died at 12Heather O'RourkeSan Diego
9%
Actor of Despicable Me and The MuppetsJason SegelLos Angeles
9%
Voice actor as Patrick in SpongeBobBill FagerbakkeFontana
8%
Eponymous sitcom star of RioGeorge LopezLos Angeles
8%
Director of Toy Story, CCO of PixarJohn LasseterHollywood
8%
Actress known as Peggy in King of the HillKathy NajimySan Diego
8%
Actor/comedian of a bug's life and RatatouilleBrad GarrettLos Angeles
7%
Voice actor of Samurai Jack and FuturamaPhil LaMarrLos Angeles
7%
Producer of A Beautiful MindBrian GrazerLos Angeles
6%
Actress of Family Guy and Monsters IncJennifer TillyLos Angeles
6%
Actor as Jim in Treasure PlanetJoseph Gordon-LevittLos Angeles
6%
Child actress of The Land Before Time, murdered at age 10Judith BarsiLos Angeles
6%
Actress as Mrs. Templeton in The Boss BabyLisa KudrowLos Angeles
6%
Actor as Luis on Sesame StreetEmilio DelgadoCalexico
5%
Actor known for Muppets from Space, Tangled and The GrinchJeffrey TamborSan Francisco
5%
Actor known as Clifford the Big Red DogJohn RitterBurbank
5%
Puppeteer of Abby Cadabby on Sesame StreetLeslie Carrara-RudolphWalnut Creek
5%
Actor as Mr. Noodle on Elmo's WorldBill IrwinSanta Monica
4%
Actor of Cars and CocoCheech MarinLos Angeles
4%
Former child actor as Sid in Toy StoryErik von DettenSan Diego
4%
Actor of Spirit Stallion of the Cimarron and Big Hero 6James CromwellLos Angeles
4%
Film critic of Good Morning AmericaJoel SiegelLos Angeles
4%
Late actor of Robot Chicken and RioMiguel FerrerSanta Monica
4%
Late worker for PixarJoe RanftPasadena
3%
Actor best known as TarzanTony GoldwynLos Angeles
3%

Score Distribution

Percentile by Number Answered

Percent of People with Each Score

Your Score History

You have not taken this quiz